Normal view
MARC view
- La Plante, Lynda.
Entry Personal Name
001 - CONTROL NUMBER
- control field: 8346
003 - CONTROL NUMBER IDENTIFIER
- control field: NUST
005 - DATE AND TIME OF LATEST TRANSACTION
- control field: 20180115092825.0
008 - FIXED-LENGTH DATA ELEMENTS
- fixed length control field: 180115|| aca||aabn | a|a d
040 ## - CATALOGING SOURCE
- Original cataloging agency: NUST
- Transcribing agency: NUST
100 ## - HEADING--PERSONAL NAME
- Personal name: La Plante, Lynda.
670 ## - SOURCE DATA FOUND
- Source citation: Work cat.: (NUST)0: La Plante, Lynda., Cold shoulder /, 1996.
